| 000 | 00676cam a2200181 i 4500 | ||
|---|---|---|---|
| 020 | _a047111829X | ||
| 082 | 0 | 0 |
_a658.5 _bBUF |
| 100 | 1 | _aBuffa, Elwood Spencer, | |
| 245 | 1 | 0 |
_aModern production management : _bmanaging the operations function / _cElwood S. Buffa. |
| 250 | _a5th ed. | ||
| 260 |
_aSanta Barbara, Calif. : _bWiley/Hamilton, _cc1977. |
||
| 300 |
_axii, 743 p. : _bill. ; _c24 cm. |
||
| 490 | 0 | _aThe Wiley/Hamilton series in management and administration | |
| 500 | _aSixth ed. published in 1980 under title: Modern production/operations management. | ||
| 526 |
_a0 _b0 _c0 _d658_500000000000000_BUF |
||
| 650 | 0 |
_aProduction management. _bMCE |
|
| 942 |
_2ddc _cBK |
||
| 999 |
_c541413 _d541413 |
||